| 000 | 01331cad a22002295a 4500 | ||
|---|---|---|---|
| 001 | L154838 | ||
| 008 | 120123s2012 xxkbdo f s 000 0 eng d | ||
| 035 | _a(Sirsi) u154838 | ||
| 041 | 0 | _aeng | |
| 110 | 2 |
_aGrubb & Ellis _95905 |
|
| 245 | 0 | 0 |
_a2012 forecast _h[electronic resource] |
| 260 |
_a[S.l] _bGrubb & Ellis _c2012 |
||
| 490 | 0 |
_aGrubb & Ellis Real Estate Forecast _v2012 |
|
| 505 | 2 | _aNational 0verview. Key property types: Office -- Industrial -- Retail -- Investment. Selected specialties: Multi housing -- Senior housing -- Healthcare properties -- Hospitality -- Land -- Logistics -- Data Centers -- Self storage -- Clean energy -- Technology -- Education -- Law firms -- Religious properties -- Financial services asset management -- Debt and equity finance -- Corporate finance -- Restructuring -- Valuation. Additional information: Research -- Company profile -- Office directory. | |
| 520 | _aForecasts US real estate performance for 2012 providing a national overview and analyses of the main sectoral and speciality markets. | ||
| 590 | _aKA NTK | ||
| 651 | 4 |
_aUnited States _y1959- |
|
| 690 |
_aCommercial property _96227 |
||
| 690 |
_aResidential property _96266 |
||
| 856 | 4 | 0 |
_uhttps://www.grubb-ellis.com/Forecast2012/index.html# _zView the forecast free of charge at www.grubb-ellis.com |
| 942 | _n0 | ||
| 999 |
_c113186 _d113186 |
||